Library Logo

Pioneer International University Library Catalogue

Changed into His likeness / (Record no. 10093)

MARC details
000 -LEADER
fixed length control field 00913nam a22002897a 4500
003 - CONTROL NUMBER IDENTIFIER
control field OSt
005 - DATE AND TIME OF LATEST TRANSACTION
control field 20260422072336.0
008 - FIXED-LENGTH DATA ELEMENTS--GENERAL INFORMATION
fixed length control field 260422b |||||||| |||| 00| 0 eng d
010 ## - LIBRARY OF CONGRESS CONTROL NUMBER
LC control number 77083580
020 ## - INTERNATIONAL STANDARD BOOK NUMBER
International Standard Book Number 084230228-X
Qualifying information Paper
040 ## - CATALOGING SOURCE
Language of cataloging eng
Transcribing agency Tyndale House Publishers,
050 ## - LIBRARY OF CONGRESS CALL NUMBER
Classification number BS 571
Item number .N41 1978
100 ## - MAIN ENTRY--PERSONAL NAME
Personal name Nee, Watchman,
Dates associated with a name 1903-1972.
245 ## - TITLE STATEMENT
Title Changed into His likeness /
Statement of responsibility, etc. Watchman Nee.
250 ## - EDITION STATEMENT
Edition statement Thirteenth edition
260 ## - PUBLICATION, DISTRIBUTION, ETC.
Place of publication, distribution, etc. Wheaton, Ill. :
Name of publisher, distributor, etc. Tyndale House Publishers,
Date of publication, distribution, etc. 1978.
300 ## - PHYSICAL DESCRIPTION
Extent 176 p. ;
Dimensions 18 cm.
500 ## - GENERAL NOTE
General note Translation of: Zuo-ren de yan-guang.
600 ## - SUBJECT ADDED ENTRY--PERSONAL NAME
Personal name Abraham (Biblical patriarch)
600 ## - SUBJECT ADDED ENTRY--PERSONAL NAME
Personal name Isaac (Biblical patriarch)
600 ## - SUBJECT ADDED ENTRY--PERSONAL NAME
Personal name Jacob (Biblical patriarch
650 ## - SUBJECT ADDED ENTRY--TOPICAL TERM
Topical term or geographic name entry element Christian life.
650 ## - SUBJECT ADDED ENTRY--TOPICAL TERM
Topical term or geographic name entry element spiritual life--Christianity.
650 ## - SUBJECT ADDED ENTRY--TOPICAL TERM
Topical term or geographic name entry element Bible.
Form subdivision meditations.
655 ## - INDEX TERM--GENRE/FORM
Source of term lcgft
Genre/form data or focus term Devotional literature.
942 ## - ADDED ENTRY ELEMENTS (KOHA)
Source of classification or shelving scheme Library of Congress Classification
Koha item type Books
Edition 13th ed.
Suppress in OPAC No
Holdings
Withdrawn status Lost status Source of classification or shelving scheme Damaged status Not for loan Home library Current library Date acquired Total checkouts Full call number Barcode Date last seen Price effective from Koha item type
    Library of Congress Classification     PIU Library Main Library 04/22/2026   BS 571 .N41 1978 PIUDLMUR1008 04/22/2026 04/22/2026 Books